00444pam a2200145a 44500008004100000020000900041041001200050082000800062100001400070245017100084250000600255260002100261300000700282650000900289230515b1975 xxu||||| |||| 00| 0 eng d aNULL aENGLISH a630 a7436-1974 aGUIDE FOR TYPES OF MEASUREMENT FOR STRUCTURES IN RIVER VALLEY PROJECTS AND CRITERIA FOR CHOICE AND LOCATION OF MEASURING INSTRUMENT PART- I (EARTH AND ROCK FILL DAME) a0 aDELHIbISIc1975 a12 aNULL